LDR 01190naa#a2200229#i#450# 001 RU\\bibl\125677 005 20260701101700.3 011 ## _a2782-5957 100 ## _a20260630b2026####ek#y0rusy0150####ca 102 ## _aRU 200 1# _aИССЛЕДОВАНИЕ КАЧЕСТВА СТАЛЬНЫХ ЛИСТОИЗДЕЛИЙ, ИЗГОТОВЛЕННЫХ ПО РАЗЛИЧНЫМ ТЕХНОЛОГИЧЕСКИМ СХЕМАМ _eЖурнальная статья 210 1# _aБрянск _cБрянский государственный технический университет _d2026 215 ## _a15 с. 608 ## _aЖурнальная статья _2local 675 ## _aМатериалы. Материаловедение. 620.22 _z 686 ## _aОбщая технология машиностроения. Обработка металлов. 345 _2bbk 700 #1 _aСафаров _gДамир Тамасович 700 #1 _aСоченко _gТатьяна Вдалимировна 700 #1 _aМифтахов _gФарит Камильевич 700 #1 _aКаблуков _gВиктор Валерьевич 700 #1 _aИсхаков _gТалгат Фаузатович 856 4# _abstu.editorum.ru _u